| 000 | 00866nam a22002777a 4500 | ||
|---|---|---|---|
| 001 | 001145 | ||
| 003 | DO-SdBNP | ||
| 005 | 20230712121558.0 | ||
| 007 | 001145 | ||
| 008 | 160815b2010 mx | 00| 0 spa d | ||
| 020 | _a9786071104168 | ||
| 040 |
_aBPMSU _bspa _cBPMSU |
||
| 082 | 4 |
_a927 _bQ7C 2010 _222 |
|
| 100 | 1 |
_aCastrellón, Cristina _d |
|
| 245 | 1 | 0 |
_aSelena : _bsu vida después de su muerte / _6Cristina Castrellón ; prólogo Georgette Rivera |
| 260 |
_aMéxico : _bSantillana Ediciones Generales, _c2010. |
||
| 300 |
_a299 p. : _bil., _c19 cm. |
||
| 490 | 0 |
_aPunto de lectura, _v401/1 |
|
| 590 | _6Inventariado, 2023/VM | ||
| 600 | 1 | 4 |
_aSelena _d1971-1995 |
| 650 | 4 |
_aCantantes _xEstados Unidos _vBiografía. |
|
| 700 |
_aRivera, Georgette, _epról. |
||
| 830 | 0 |
_aPunto de lectura _n401/1 |
|
| 910 | _aVMateo V. Control de calidad (BPMSU) | ||
| 942 |
_2ddc _cBK |
||
| 999 |
_c11166 _d11166 |
||